| 000 | 00393nam a22001337a 4500 | ||
|---|---|---|---|
| 008 | 131203b xxu||||| |||| 00| 0 eng d | ||
| 050 | _aU21.M7 | ||
| 100 |
_aMoran, Charles McMoran Wilson _94887 |
||
| 245 | _aThe Anatomy of courage | ||
| 260 |
_aLondon _bConstable _c1945 |
||
| 300 |
_axiv; 216p. _c18cm |
||
| 650 |
_aWar - Psychological aspects; Courage; Fear _94888 |
||
| 942 |
_2lcc _cMONOGRAPH |
||
| 999 |
_c119005 _d119005 |
||